[Event "9th LCC FIDE Open 2017"]
[Site "London"]
[Date "2017.12.08"]
[Round "8"]
[White "Beinoras, Mindaugas"]
[Black "Vishnu Prasanna  V"]
[Result "0-1"]
[WhiteElo "2353"]
[BlackElo "2536"]
[Annotator "TA"]
[PlyCount "102"]
[EventDate "2017.??.??"]
[EventCountry "ENG"]
[SourceTitle "playchess.com"]
[Source "ChessBase"]
[SourceQuality "1"]

{[%evp 9,102,-15,0,0,-1,-7,14,18,17,14,22,0,-2,-6,0,0,0,0,0,0,0,0,-6,-6,-6,-6,-8,-28,-14,-40,-16,-35,-28,-27,-5,-70,-5,-27,-8,-25,-8,-26,0,-40,-14,-9,0,0,0,-2,0,-16,-13,-12,0,-33,0,0,0,-108,-41,-47,-55,-49,-49,-57,-52,-54,-58,-74,-68,-73,-84,-86,-83,-100,-100,-100,-100,-193,-165,-470,-465,-611,-610,-601,-603,-585,-558,-765,-658,-1662,-1281,-1131,-797]} 1. d4 Nf6 2. Bg5 c5 3. Bxf6 exf6 4. c3 d5 5. dxc5 Bxc5 {White must now prevent ...Qb6.} 6. e3 {A45: Trompowsky Attack} Nc6 7. Ne2 $146 ({Predecessor:} 7. Nf3 Bf5 8. Nbd2 O-O 9. Be2 a5 10. a4 Qe7 11. O-O Rad8 12. Re1 Be4 13. Bf1 Ne5 14. Nd4 Bd3 15. N2f3 Bxf1 16. Rxf1 {1-0 (36) Artemiev,V (2692)-Sarana,A (2541) Sochi 2017}) 7... Qd6 8. Nd2 {The position is equal.} Be6 9. Nb3 Bb6 10. Ned4 O-O 11. g3 Ne5 12. Bg2 Rad8 13. O-O Bg4 14. Qc2 Qd7 15. Nd2 h5 16. N2f3 Rfe8 17. Rfe1 g6 18. Nh4 Kg7 19. Bh1 Rc8 20. Bg2 Nc4 21. Nhf3 Re7 22. Qb3 {[#]} (22. h4 $11) 22... Rce8 ({Black should play} 22... h4 $1 $15 {[%mdl 512]}) 23. Qc2 Ne5 24. Nh4 Bc5 25. Nb3 Bb6 {...g5 is the strong threat.} 26. Nd4 Bxd4 27. exd4 Nc4 28. Rxe7 Rxe7 29. Bf1 Qe8 30. b3 Nd6 31. Ng2 Bf3 {[%cal Bg4f3,Bf3e4,Be4f5,Bf5e6][%mdl 32]} 32. Qd3 Be4 33. Qd1 b5 34. h4 {[#]} (34. f3 $11 {keeps the balance.} Bf5 35. Qd2) 34... Rc7 (34... Qc8 $1 $17 35. f3 Qxc3 36. fxe4 Rxe4) 35. Rc1 $15 Qc8 36. f3 Bf5 37. Qd2 {[#]} b4 $1 $36 {[%cal Rc7c3][%mdl 2560] White is under pressure.} 38. c4 $1 (38. cxb4 Rxc1) 38... dxc4 39. Qxb4 cxb3 40. Rxc7 Qxc7 41. axb3 Be6 42. Ne3 Qc1 43. Kf2 Qb2+ 44. Kg1 (44. Be2 $17 {was necessary.} Nf5 45. Nxf5+ Bxf5 46. d5) 44... Qxb3 45. Qd2 $2 {[#]} (45. Qxb3 {nothing else works.} Bxb3 46. Ba6) 45... a5 $1 $19 {[%cal Ba7a5,Ba5a4,Ba4a3,Ba3a2][%mdl 544] Black is clearly winning.} 46. Be2 (46. Qxa5 Qxe3+) 46... a4 47. d5 Bd7 {Hoping for ...a3.} 48. Bd1 Qb6 {And now ...Nc4 would win.} 49. Kg2 a3 50. Qc3 a2 51. Nc2 Qb1 {Precision: White = 42%, Black = 58%.} 0-1

[Event "9th LCC FIDE Open 2017"]
[Site "London"]
[Date "2017.12.08"]
[Round "8"]
[White "Stauskas, Lukas"]
[Black "Gormally, Daniel W"]
[Result "0-1"]
[WhiteElo "2349"]
[BlackElo "2477"]
[Annotator "TA"]
[PlyCount "66"]
[EventDate "2017.??.??"]
[EventCountry "ENG"]
[SourceTitle "playchess.com"]
[Source "ChessBase"]
[SourceQuality "1"]

{[%evp 19,66,29,33,27,28,10,42,29,39,26,38,32,44,44,44,39,55,49,47,31,37,0,0,0,0,-34,-12,-57,-57,-56,-49,-56,-54,-94,-104,-94,-105,-97,-83,-92,-106,-121,-106,-137,-106,-178,-43,-43,-31]} 1. d4 Nf6 2. c4 e6 3. Nc3 Bb4 4. Qc2 O-O 5. e4 d6 6. a3 Bxc3+ {E32: Nimzo-Indian: Classical (4 Qc2): 4...0-0} 7. bxc3 e5 8. Bd3 c5 9. Ne2 Nc6 10. d5 Ne7 {LiveBook: 11 Games} (10... Na5 11. Ng3 Nd7 12. Rb1 Re8 13. O-O b6 14. Nf5 {1-0 (61) Topalov,V (2752)-Vallejo Pons,F (2697) Leon 2012}) 11. O-O Ng6 12. f3 h6 13. Kh1 $146 ({Predecessor:} 13. Be3 Bd7 14. Qd2 Re8 15. Ng3 Nh7 16. Rab1 Rb8 17. Rb2 b6 18. Rfb1 Kh8 {½-½ (18) Cech,P (2337)-Mandl,R (2393) Germany 2001}) 13... Bd7 14. Rb1 Qc7 15. Bd2 b5 16. Rb2 bxc4 17. Bxc4 Rfb8 18. Rfb1 Rb6 19. Rxb6 axb6 20. Bc1 Ra5 21. Qd3 Nh5 22. g3 f5 23. exf5 e4 $1 $36 {[%cal Re4d3][%mdl 2048] Black is pushing.} 24. Qxe4 Nf6 $1 {[%cal Rf6e4]} 25. Qc2 Ne5 26. Ba2 Nxf3 27. Nf4 {[#]} c4 $1 28. Be3 b5 29. Rf1 Ne5 30. Bb1 Rxa3 31. Bd4 Qb7 32. Qg2 (32. Qc1 $17 Ra1 33. Qb2 Nxd5 34. Kg1 Nxf4 35. gxf4 Nf3+ 36. Rxf3 Rxb1+ 37. Qxb1 Qxf3 38. Qf1) 32... Ra1 (32... b4 $19 33. cxb4 Qxb4) 33. Kg1 $15 Be8 {Precision: White = 56%, Black = 68%.} 0-1

[Event "9th LCC FIDE Open 2017"]
[Site "London"]
[Date "2017.12.08"]
[Round "8"]
[White "Fenil, Shah"]
[Black "Bilguun, Sumiya"]
[Result "1/2-1/2"]
[WhiteElo "2324"]
[BlackElo "2459"]
[Annotator "TA"]
[PlyCount "48"]
[EventDate "2017.??.??"]
[EventCountry "ENG"]
[SourceTitle "playchess.com"]
[Source "ChessBase"]
[SourceQuality "1"]

{[%evp 12,48,13,4,28,16,29,35,28,20,24,19,29,10,27,18,57,67,51,52,48,42,67,61,52,34,76,18,23,-6,-4,-8,0,0,22,1,0,14,16]} 1. e4 c5 2. Nf3 e6 3. Nc3 a6 4. Be2 b5 (4... d6 5. d4 cxd4 6. Nxd4 Nf6 7. Be3 Qc7 8. Qd2 b5 9. f3 Nbd7 10. a3 h5 11. O-O Bb7 12. Rfd1 d5 13. exd5 Nxd5 14. Nxd5 Bxd5 15. Bf4 Bd6 16. Bxd6 Qxd6 {½-½ (29) Wei,Y (2740)-Ivanchuk,V (2732) Hoogeveen 2017}) 5. O-O Bb7 6. d4 {B40: Sicilian: 2...e6, Unusual lines} cxd4 7. Qxd4 {LiveBook: 4 Games} Qc7 8. Bg5 {[%cal Bc1g5,Bg5h4,Bh4g3,Bg3c7,Bc7d6][%mdl 32] White has an edge.} Nc6 9. Qe3 Bd6 $146 {[%cal Bf8d6,Bd6f4,Bf4e3][%mdl 32]} ({Predecessor:} 9... Nf6 10. Rfd1 h6 11. Bf4 d6 12. e5 {½-½ (61) Oldrati,P (1993)-Saule,Z (1762) ICCF email 2008}) 10. Rfd1 f6 11. Bh4 Bf4 12. Bg3 Bxe3 13. Bxc7 Rc8 14. Bd6 Bb6 15. a4 {[%cal Ba2a4,Ba4a5][%mdl 32]} b4 16. a5 Bxf2+ $1 17. Kxf2 {[#] Black must now prevent Na4.} bxc3 18. b4 Nh6 19. Ra3 (19. b5 $16 Nb8 20. bxa6 Bxe4 21. Nd4) 19... Nf7 $11 20. Rxc3 Nxd6 {The position is equal.} 21. Rxd6 Ke7 22. Rd1 Na7 23. Rxc8 Rxc8 24. Nd4 g6 {Precision: White = 61%, Black = 62%.} 1/2-1/2

[Event "9th LCC FIDE Open 2017"]
[Site "London"]
[Date "2017.12.08"]
[Round "8"]
[White "Globus, Or"]
[Black "Arkell, Keith C"]
[Result "1/2-1/2"]
[WhiteElo "2253"]
[BlackElo "2416"]
[Annotator "TA"]
[PlyCount "103"]
[EventDate "2017.??.??"]
[EventCountry "ENG"]
[SourceTitle "playchess.com"]
[Source "ChessBase"]
[SourceQuality "1"]

{[%evp 14,103,17,6,52,49,45,56,47,39,54,0,85,75,94,55,57,18,26,25,25,36,20,11,39,31,40,39,41,40,50,50,51,31,37,48,54,27,31,0,0,0,0,0,0,0,0,0,0,0,0,0,0,0,0,0,0,0,0,0,0,0,0,0,0,0,0,0,0,0,0,0,0,0,0,0,0,0,0,0,0,0,0,0,0,0,0,0,0,0,0,0]} 1. Nf3 Nf6 2. c4 c5 3. d4 cxd4 4. Nxd4 b6 5. f3 Bb7 6. e4 Nc6 7. Be3 e6 8. Nc3 {[%cal Bb1c3,Bc3b5,Bb5d6][%mdl 32] LiveBook: 41 Games} Nxd4 {A31: Symmetrical English: 2 Nf3 Nf6 3 d4} (8... Bc5 9. Qd2 O-O 10. Nxc6 Bxc6 11. e5 Ne8 12. Bd3 Qh4+ 13. Qf2 Qxf2+ 14. Kxf2 f6 15. Bxc5 bxc5 16. Rhe1 {½-½ (27) Ponkratov,P (2589)-Kamsky,G (2637) St Petersburg 2016}) 9. Bxd4 Be7 $146 ({Predecessor:} 9... d6 10. Be2 Be7 11. O-O O-O 12. Qe1 Nd7 13. Qg3 {1-0 (41) Tregubov,P (2510)-Mudrov,V Novgorod 1995}) 10. Be2 O-O {White is slightly better.} 11. O-O Qc7 12. Qd2 ({Better is} 12. Nb5 $14 Qc6 13. Qd2) 12... Bc5 (12... Bd6 $1 $11) 13. Nb5 $16 Qe5 14. Bxc5 bxc5 15. Nd6 {[#] Black must now prevent f4.} Bc6 16. f4 Nxe4 17. fxe5 Nxd2 18. Rf4 {Threatens to win with Rd1.} Rab8 19. b3 f5 20. exf6 $1 Rxf6 21. Rxf6 gxf6 22. Rd1 Ne4 23. Nxe4 Bxe4 24. Rxd7 $14 {[%mdl 4096] Endgame KRB-KRB} Rb7 25. Rd8+ (25. Rd6 {is more complex.} Bb1 26. Bf3 Re7 27. Ra6 Kf7 28. Kf2) 25... Kf7 26. Bd3 Bxd3 {The position is equal.} 27. Rxd3 $11 {KR-KR} a5 28. Rd6 a4 29. Rc6 axb3 30. axb3 Rxb3 31. Rxc5 Rb2 32. Rc8 Rc2 33. c5 e5 34. c6 Kg6 35. Rg8+ Kh5 36. Rg7 Kh6 37. Rc7 Kg6 38. Rc8 Kf5 39. Rh8 Kf4 40. Rxh7 Ke3 {[%cal Rc2c1] [#]} (40... Rxc6 {is interesting.} 41. Rg7 f5 42. h4 Ke4 43. Kf2 f4) 41. h4 {[%cal Bh2h4,Bh4h5,Bh5h6,Bh6h7][%mdl 32]} Rxc6 42. h5 f5 43. h6 e4 44. Rf7 $1 Kf4 45. h7 Rh6 46. Rg7 Ke5 47. g4 {Hoping for g5.} fxg4 48. Kf2 Kf4 49. Rf7+ Kg5 50. Ke3 Kg6 51. Rf4 Kh5 52. Rf7 {Precision: White = 83%, Black = 71%.} 1/2-1/2

[Event "9th LCC FIDE Open 2017"]
[Site "London"]
[Date "2017.12.09"]
[Round "9"]
[White "Sargissian, Gabriel"]
[Black "Hawkins, Jonathan"]
[Result "1-0"]
[WhiteElo "2672"]
[BlackElo "2579"]
[Annotator "TA"]
[PlyCount "67"]
[EventDate "2017.??.??"]
[EventCountry "ENG"]
[SourceTitle "playchess.com"]
[Source "ChessBase"]
[SourceQuality "1"]

{[%evp 21,67,0,-2,4,34,31,31,31,27,28,77,69,63,77,77,54,66,47,52,23,128,128,127,122,128,128,128,128,128,128,128,106,131,129,179,91,222,266,257,156,156,156,469,433,502,506,477,471]} 1. c4 Nf6 2. Nf3 e6 3. g3 d5 4. Bg2 Be7 5. d4 O-O 6. O-O dxc4 7. Ne5 Nc6 8. Nxc6 bxc6 9. Na3 Bxa3 10. bxa3 Ba6 11. Qd2 {E05: Open Catalan: 5 Nf3 Be7} Rb8 {LiveBook: 29 Games} 12. Rd1 Rb6 $146 ({Predecessor:} 12... Qc8 13. Qc2 h6 14. Bd2 Nd5 15. e4 Nb6 16. Bb4 Rd8 17. a4 Nd5 18. exd5 Rxb4 19. dxc6 {½-½ (71) Inarkiev,E (2707)-Hou,Y (2666) Geneve 2017}) 13. a4 {White is slightly better.} Qe7 14. Qc3 Nd5 15. Bxd5 $1 exd5 16. Ba3 Qxe2 {Threatens to win with ...Rfb8.} 17. Bxf8 Kxf8 18. Re1 Qd3 19. Qc1 $1 {[%cal Rc1f4][%mdl 1024] And now Qf4 would win. White has compensation.} Qf3 ({Avoid the trap} 19... Qxd4 $2 20. Qa3+ c5 21. Rad1 $18) 20. Rb1 {Re3 is the strong threat.} h6 (20... Bc8 $1 $11 21. Re3 Qf6) 21. a5 $1 $16 {[%cal Ra5b6]} Rb5 22. a4 $40 {[%mdl 128] White has strong attack.} Rb3 23. Re3 $1 Rxe3 24. Qxe3 Qxe3 25. fxe3 {[%mdl 4096] Endgame KR-KB} Ke7 26. Kf2 Kd6 27. Ke1 c5 28. Kd2 ({White should play} 28. dxc5+ $1 $18 Kc6 29. Kd2) 28... Bc8 {[#]} (28... cxd4 $16 {was called for.} 29. exd4 Kd7) 29. Rb8 $1 $18 {[%cal Rb8c8]} Bd7 30. a6 cxd4 31. exd4 c5 $2 {[#]} (31... Bxa4 $16 32. Rb7 Bd7) 32. Kc3 $1 {White is clearly winning.} Bc6 33. g4 g6 34. a5 {Precision: White = 81%, Black = 36%.} 1-0

[Event "9th LCC FIDE Open 2017"]
[Site "London"]
[Date "2017.12.09"]
[Round "9"]
[White "Melkumyan, Hrant"]
[Black "Motylev, Alexander"]
[Result "1/2-1/2"]
[WhiteElo "2633"]
[BlackElo "2675"]
[Annotator "TA"]
[PlyCount "33"]
[EventDate "2017.??.??"]
[EventCountry "ENG"]
[SourceTitle "playchess.com"]
[Source "ChessBase"]
[SourceQuality "1"]

{[%evp 14,17,12,11,15,7]} 1. d4 Nf6 2. c4 e6 3. g3 Bb4+ 4. Nd2 c5 5. a3 Bxd2+ 6. Qxd2 cxd4 7. Nf3 d5 {E00: Catalan Bogo-Indian (3 g3 Bb4+)} (7... b6 8. b4 Bb7 9. Qxd4 Nc6 10. Qf4 d6 11. Bb2 e5 12. Qd2 a5 13. b5 Ne7 14. Bg2 Qc7 15. O-O O-O {½-½ (121) Bluebaum,M (2642)-Andreikin,D (2712) Dortmund 2017}) 8. cxd5 {LiveBook: 13 Games} e5 9. Nxe5 {Predecessor:} Qxd5 $146 10. Nf3 Nc6 11. Qg5 O-O 12. Bg2 Qe6 13. O-O Qxe2 14. Qh4 Bg4 15. Bg5 Bxf3 16. Bxf6 gxf6 17. Qxf6 {0-1 (22) Maheswaran,P (2355)-Laxman,R (2503) Gurgaon 2010} 1/2-1/2

[Event "9th LCC FIDE Open 2017"]
[Site "London"]
[Date "2017.12.09"]
[Round "9"]
[White "Cornette, Matthieu"]
[Black "Cawdery, Daniel"]
[Result "1-0"]
[WhiteElo "2606"]
[BlackElo "2447"]
[Annotator "TA"]
[PlyCount "47"]
[EventDate "2017.??.??"]
[EventCountry "ENG"]
[SourceTitle "playchess.com"]
[Source "ChessBase"]
[SourceQuality "1"]

{[%evp 14,47,12,12,46,41,47,41,50,35,49,24,28,13,30,23,53,54,57,40,68,49,91,91,127,140,141,135,149,109,140,126,169,181,201,189]} 1. Nf3 c5 2. c4 g6 3. Nc3 Bg7 4. g3 Nc6 5. Bg2 d6 6. O-O a6 7. a3 Rb8 {A37: Symmetrical English vs ...g6: 4 Bg2 Bg7 5 Nf3} 8. b4 {LiveBook: 3 Games} Nf6 $146 ({Predecessor:} 8... cxb4 9. axb4 Nxb4 10. d4 Nc6 11. Rb1 Nf6 12. d5 Na5 13. Nd4 Nd7 14. Rb4 O-O 15. Bg5 {½-½ (30) Makoto,R (2403)-Strikovic,A (2495) Cape Town 2015}) 9. bxc5 dxc5 {White is slightly better.} 10. Rb1 O-O 11. d3 Nd7 12. Ne4 b6 13. Bb2 e5 14. Nd6 Qc7 15. Nxc8 Rfxc8 16. Ng5 $36 {[%mdl 2048] White fights for an advantage.} h6 17. Ne4 Ne7 18. Qa4 b5 19. Qxa6 Rb6 20. Qa5 Nc6 21. Qd2 {[#] Black must now prevent cxb5.} bxc4 22. dxc4 Rcb8 23. Nc3 Nf6 24. Na4 {Precision: White = 79%, Black = 25%.} 1-0

[Event "9th LCC FIDE Open 2017"]
[Site "London"]
[Date "2017.12.09"]
[Round "9"]
[White "Moussard, Jules"]
[Black "Ladron De Guevara Pinto, Paolo"]
[Result "1/2-1/2"]
[WhiteElo "2576"]
[BlackElo "2422"]
[Annotator "TA"]
[PlyCount "114"]
[EventDate "2017.??.??"]
[EventCountry "ENG"]
[SourceTitle "playchess.com"]
[Source "ChessBase"]
[SourceQuality "1"]

{[%evp 18,114,10,4,17,3,6,0,5,0,6,7,12,0,0,-30,0,-6,0,0,0,0,0,0,0,0,21,22,32,28,58,18,34,26,52,0,21,19,35,0,58,37,67,46,50,43,79,0,100,43,50,32,58,34,114,81,159,54,330,58,29,47,30,0,0,0,14,-14,-11,-66,-22,0,0,0,0,-120,0,0,0,0,0,0,0,0,0,0,0,0,0,0,0,0,0,0,0,0,0,0,0]} 1. Nf3 Nf6 2. d4 d5 3. c3 e6 4. Bf4 c5 5. e3 Nc6 6. Nbd2 cxd4 7. exd4 {D02: 1 d4 d5 2 Nf3 sidelines, including 2...Nf6 3 g3 and 2...Nf6 3 Bf4} Nh5 {[%cal Bf6h5,Bh5g7,Bg7f5][%mdl 32]} 8. Bg5 (8. Be5 f6 9. Bg3 g6 10. Be2 Bg7 11. O-O O-O 12. Qb3 Kh8 13. Rad1 b6 14. Rfe1 Bb7 {0-1 (49) Wang,Y (2699)-Le,Q (2739) Ashkhabad 2017}) 8... f6 9. Be3 Bd6 10. g3 {LiveBook: 7 Games} g6 11. Bg2 O-O 12. O-O Ng7 13. Re1 $146 ({Predecessor:} 13. Nb3 b6 14. Re1 Bb7 {0-1 (49) Maisuradze,N (2280)-Navrotescu,A (2150) Agen 2017}) 13... Nf5 14. Nf1 b5 {[%cal Bb7b5,Bb5b4][%mdl 32]} 15. Qe2 Rb8 16. N1d2 Bd7 17. Nb3 b4 18. c4 dxc4 19. Qxc4 Na5 20. Qa6 Nxb3 21. axb3 Rf7 22. Qxa7 Bc6 23. Qa6 Nxe3 24. fxe3 Bb5 25. Qa5 Qf8 26. Nd2 (26. Rac1 $14) 26... Bc7 27. Qa2 Kg7 28. Qb1 h5 (28... e5 $11) 29. Nf3 g5 30. d5 e5 $1 31. Bf1 $36 {[%mdl 2048] Black is under pressure.} Bd7 32. Ra6 (32. Nd2 $16) 32... Qh8 (32... Bc8 $1 $11 {remains equal.}) 33. Bc4 (33. Qe4 $1 $16) 33... Bb6 $1 $14 34. Qe4 Qh6 $1 35. Kg2 Re7 ({Better is} 35... h4 $14) 36. Nd4 {Hoping for d6.} h4 (36... Qg6 $142 37. Qxg6+ Kxg6) 37. gxh4 (37. d6 $1 $16 {[%cal Rd6e7]} hxg3 38. h4) 37... g4 $2 {[%mdl 8192] [#]} (37... Qxh4 $14 38. Qxh4 gxh4) 38. Nf5+ $2 (38. d6 $1 $18 {[%cal Rd6e7]} Ree8 39. Qf5) 38... Bxf5 $1 39. Qxf5 Qxh4 40. Qf2 (40. d6 {is interesting.} Reb7 41. Qf2 Qh3+ 42. Kh1 Rd7 43. Rd1) 40... Qxf2+ 41. Kxf2 {White wants to play Kg3.} f5 42. Kg2 Kf6 43. Bb5 (43. Rh1 $11) 43... Kg5 {[%mdl 1024] Black has compensation.} 44. d6 $1 {[%cal Rd6e7]} Re6 45. d7 {aiming for Rc1.} Rd6 46. h3 {[#]} (46. Kf1 $11 Rd5 47. Ba4) 46... Rd2+ (46... Rd5 $1 $17 {[%cal Rd5b5]} 47. hxg4 Rxb5) 47. Re2 $11 {The position is equal.} gxh3+ 48. Kxh3 Rh8+ 49. Kg2 Rxe2+ 50. Bxe2 Bxe3 {[%mdl 4096] Endgame KRB-KRB} 51. Re6 Rd8 $1 52. Rxe5 Kf4 $1 {[%cal Rf4e5]} 53. Rd5 {Bd3 is the strong threat.} Rg8+ 54. Kh1 Rh8+ 55. Kg2 Rg8+ 56. Kh1 Rh8+ 57. Kg2 Rg8+ {Precision: White = 37%, Black = 41%.} 1/2-1/2

[Event "9th LCC FIDE Open 2017"]
[Site "London"]
[Date "2017.12.09"]
[Round "9"]
[White "Donchenko, Alexander"]
[Black "Nabaty, Tamir"]
[Result "1/2-1/2"]
[WhiteElo "2569"]
[BlackElo "2657"]
[Annotator "TA"]
[PlyCount "82"]
[EventDate "2017.??.??"]
[EventCountry "ENG"]
[SourceTitle "playchess.com"]
[Source "ChessBase"]
[SourceQuality "1"]

{[%evp 9,82,23,13,13,23,14,25,18,11,4,18,5,4,0,0,0,0,0,0,0,0,0,0,2,23,-6,-15,-6,0,-92,-94,-94,-94,-95,-68,-77,-65,-114,-23,-40,0,-114,-127,-87,0,0,0,0,13,8,16,5,18,6,12,3,25,0,0,0,0,0,0,0,0,0,0,0,0,0,0,0,0,0,0]} 1. c4 e6 2. g3 d5 3. Bg2 dxc4 4. Qa4+ c6 5. Qxc4 c5 $146 ({Predecessor:} 5... b5 6. Qc2 Bb7 7. Nf3 Nd7 8. Nc3 Rc8 9. O-O a6 10. d4 c5 11. d5 exd5 12. Nh4 {1-0 (24) Aronian,L (2799)-Ivanchuk,V (2728) Tbilisi 2017}) 6. Nf3 {A13: English Opening: 1...e6} Nc6 7. b3 Bd7 8. Bb2 {White has an edge.} Rc8 9. O-O Nf6 10. Ne5 Be7 11. Nxd7 Qxd7 12. Qf4 O-O 13. d3 Rfd8 14. Nc3 Nd4 15. Qd2 b5 {[%cal Bb7b5,Bb5c4][%mdl 32]} 16. Rac1 c4 17. bxc4 (17. e3 $5 {[%cal Re3d4]} Nf5 18. bxc4 bxc4 19. d4 $11) 17... bxc4 18. Rfd1 Bb4 19. Qe3 (19. e3 $11 {remains equal.} Nb5 20. a4 Bxc3 21. Bxc3 Nxc3 22. Rxc3) 19... Ng4 $36 {[%mdl 2048] Black is in control.} 20. Qd2 Ne5 21. Qe3 {[#]} cxd3 $1 22. exd3 ({Don't blunder} 22. Qxe5 $2 f6 $19) 22... Ng4 23. Qe4 Nf6 (23... f5 $17 24. Qe1 Bc5) 24. Qe3 Ng4 (24... Qe7 $15) 25. Qe4 $1 f5 26. Qe1 Rc5 (26... Bc5 $17 27. Rd2 Qd6) 27. h3 $11 Re5 28. Qf1 Bxc3 29. Bxc3 Ne2+ 30. Kh1 Nxc3 31. Rxc3 Qd4 32. Rc2 Rc5 33. Rdd2 {[#] aiming for Rxc5.} Rxc2 {The position is equal.} 34. Rxc2 Ne5 35. Qe2 Qxd3 36. f4 Nf7 (36... Qd1+ {with more complications.} 37. Kh2 Qxe2 38. Rxe2 Nc4 39. Rxe6 a5) 37. Qxd3 Rxd3 38. Rc8+ Nd8 39. Bf1 Rd1 40. Kg2 Kf8 41. Ra8 a5 {Precision: White = 75%, Black = 62%.} 1/2-1/2

[Event "9th LCC FIDE Open 2017"]
[Site "London"]
[Date "2017.12.09"]
[Round "9"]
[White "Le Roux, Jean-Pierre"]
[Black "Henderson de La Fuente, Lance"]
[Result "1/2-1/2"]
[WhiteElo "2560"]
[BlackElo "2419"]
[Annotator "TA"]
[PlyCount "75"]
[EventDate "2017.??.??"]
[EventCountry "ENG"]
[SourceTitle "playchess.com"]
[Source "ChessBase"]
[SourceQuality "1"]

{[%evp 9,75,8,23,37,37,42,43,43,44,43,40,35,45,26,28,24,51,54,32,15,75,56,62,93,81,65,79,72,88,81,88,94,94,81,89,98,105,103,92,88,95,10,14,-16,30,24,41,39,32,20,12,10,14,18,13,2,6,4,45,0,3,5,2,1,4,4,10,0]} 1. Nf3 Nf6 2. g3 b6 3. Bg2 Bb7 4. O-O g6 5. d3 d5 6. c4 {A05: Réti Opening: 1 Nf3 Nf6} (6. Nbd2 Bg7 7. e4 dxe4 8. dxe4 O-O 9. e5 Nfd7 10. e6 fxe6 11. Ng5 Bxg2 12. Nxe6 Qc8 13. Kxg2 Qb7+ 14. Nf3 Rf5 15. Re1 Rd5 16. Qe2 Ne5 17. Qe4 Qc6 18. Nxc7 {1-0 (18) Bocharov,D (2577)-Shariyazdanov,A (2535) Kazan 2015}) 6... Bg7 7. cxd5 Nxd5 8. e4 {White is slightly better.} Nf6 9. e5 Nd5 10. e6 {Black must now prevent Ng5.} f6 $146 ({Predecessor:} 10... f5 11. Qa4+ Bc6 {1-0 (23) Sukhorukov,A (2246)-Trofimov,V (2272) ICCF email 2007}) 11. Qa4+ c6 12. h4 O-O 13. h5 gxh5 14. Qh4 Na6 (14... Qe8 $1 $11 {remains equal.}) 15. Qxh5 Qe8 16. Qf5 {Strongly threatening Nh4.} Qg6 17. Nh4 Qxf5 18. Nxf5 Nc5 {[#]} 19. Nc3 $1 {d4 is the strong threat.} Rfe8 20. d4 Nxe6 {[#]} 21. Nxd5 $1 cxd5 22. Re1 Ng5 23. Rxe7 Rxe7 24. Nxe7+ Kf7 25. Nxd5 ({White should play} 25. Nf5 $16 {Hoping for Nd6+.} Bf8 26. Bd2) 25... Rd8 $11 26. Nc3 (26. Nf4 {keeps more tension.} Nf3+ 27. Bxf3 Bxf3 28. Be3 f5 29. Nd3) 26... Bxg2 (26... Nf3+ {with more complications.} 27. Bxf3 Bxf3 28. Be3 f5 29. Kf1 Bxd4 30. Bxd4 Rxd4 31. Re1 h5) 27. Kxg2 Rxd4 28. Be3 Rd7 29. a4 Bf8 30. a5 Bc5 31. Bxc5 bxc5 {[%mdl 4096] Endgame KRN-KRN} 32. a6 Ne6 33. Ra5 Ke7 34. b4 cxb4 {The position is equal.} 35. Nd5+ Kd6 36. Nxb4 Nc5 37. Kf3 Re7 38. Rb5 {Precision: White = 67%, Black = 65%.} 1/2-1/2

[Event "9th LCC FIDE Open 2017"]
[Site "London"]
[Date "2017.12.09"]
[Round "9"]
[White "Vishnu Prasanna  V"]
[Black "Sundararajan, Kidambi"]
[Result "1-0"]
[WhiteElo "2536"]
[BlackElo "2419"]
[Annotator "TA"]
[PlyCount "87"]
[EventDate "2017.??.??"]
[EventCountry "ENG"]
[SourceTitle "playchess.com"]
[Source "ChessBase"]
[SourceQuality "1"]

{[%evp 9,87,-9,22,10,17,0,0,0,32,27,33,22,56,17,48,52,44,47,57,21,36,22,44,0,43,51,53,33,44,36,27,29,62,13,16,15,16,15,16,6,22,22,25,17,50,0,33,0,50,43,43,39,36,16,86,99,116,108,113,41,105,95,99,108,104,93,89,91,650,648,1191,643,860,1051,2032,1315,1901,1647,29996,29997]} 1. e4 c5 {[%cal Bc7c5,Bc5b4][%mdl 32]} 2. Nf3 Nc6 3. b4 cxb4 4. d4 (4. a3 bxa3 5. d4 d6 6. Nxa3 Nf6 7. Bd3 g6 8. O-O Bg7 9. c3 O-O 10. Qe2 a6 11. Be3 Rb8 {0-1 (37) Moussard,J (2444)-Matlakov,M (2694) Montpellier 2015}) 4... d6 5. d5 Nb8 6. Qd4 {B30: Sicilian: 2...Nc6 3 Bb5, lines without ...g6} e5 $146 ({Predecessor:} 6... Nd7 7. Qxb4 a6 8. Bb2 Ngf6 9. Nbd2 e5 10. dxe6 fxe6 11. Qa4 e5 12. Ng5 Ng4 13. f4 b5 14. Bxb5 Qb6 15. Qb3 Qe3+ 16. Be2 Qxf4 17. Qe6+ {1-0 (17) Carlstedt,J (2421)-Wacker,P (2293) Bad Wiessee 2013}) 7. dxe6 Bxe6 8. Qxb4 {The position is equal.} Qd7 9. Nc3 {And now Rb1 would win.} Nc6 10. Qb2 Nf6 11. Rb1 Be7 12. Qxb7 O-O 13. Qxd7 Bxd7 14. Ba6 d5 15. e5 Bb4 16. Bd2 Bxc3 17. Bxc3 Ne4 18. Ba1 Rab8 19. O-O Nb4 20. Bd3 Nc5 21. Bd4 Nbxd3 22. cxd3 Nxd3 23. Bxa7 Ra8 24. Rb7 Bg4 25. Nd4 Nxe5 26. a4 Bc8 27. Re7 Ba6 28. Rb1 Rfe8 29. Rxe8+ Rxe8 30. h3 Nc4 31. Nb5 {[#] Threatens to win with Nc7.} Bxb5 (31... Re7 $11) 32. axb5 $11 {[%mdl 4096] Endgame b6 is the strong threat. KRB-KRN} Re7 33. Bc5 Rb7 34. f4 (34. b6 $16) 34... f6 (34... Nd2 $1 $14 35. Rb2 Ne4) 35. b6 $16 Kf7 36. Ra1 {Hoping for Ra7.} Rb8 37. Ra7+ Kg6 {[#]} 38. g4 $1 {aiming for f5+.} Nxb6 $2 {[%mdl 8192]} (38... h5 $16) 39. f5+ $18 Kh6 40. Be3+ g5 41. Bd4 Nd7 42. Rxd7 Rb1+ 43. Kg2 Rg1+ 44. Bxg1 {Precision: White = 55%, Black = 30%.} 1-0